Pokemon - Les attaques de Morphéo - Statistiques

Statistiques générales
  • Ce quiz a été pris 17 fois
  • Le résultat moyen est 11 sur 13
Statistiques - réponses
Niveaux Types Noms des attaques % Correct
Niveau 25 Normal Ball'Météo
100%
Départ Normal Charge
100%
Niveau 20 Eau Danse Pluie
100%
Niveau 10 Feu Flammèche
100%
Niveau 20 Glace Grêle
100%
Niveau 20 Feu Zénith
100%
Niveau 35 Glace Blizzard
91%
Niveau 35 Eau Hydrocanon
91%
Niveau 10 Eau Pistolet à O
91%
Niveau 35 Feu Déflagration
82%
Niveau 10 Glace Poudreuse
73%
Niveau 45 Vol Vent Violent
64%
Niveau 15 Normal Coup d'Boule
18%
Aucun quiz correspondant
Distribution des résultats
% des personnes avec chaque résultat
Percentile par nombre de réponses
Votre historique - résultats
Vous n’avez pas pris ce quiz